Einfluß von Ilmofosin (BM 41.0440) und seinen Metaboliten BM 41.0742 und BM 41.0743 auf die humorale Primär- und Sekundärantwort im SRBC-Modell

Saved in:
Bibliographic Details
Main Author: Rebel, Annette (Author)
Format: Book/Monograph Thesis
Language:German
Published: 1996
Subjects:
Online Access: Get full text
Author Notes:vorgelegt von Annette Rebel

MARC

LEADER 00000cam a2200000 c 4500
001 1127119613
003 DE-627
005 20240501192739.0
007 tu
008 970207s1996 xx ||||| m 00| ||ger c
035 |a (DE-627)1127119613 
035 |a (DE-576)057119619 
035 |a (DE-599)BSZ057119619 
035 |a (OCoLC)722748658 
035 |a (OCoLC)75913605 
040 |a DE-627  |b ger  |c DE-627  |e rakwb 
041 |a ger 
084 |a 33  |2 sdnb 
100 1 |a Rebel, Annette  |0 (DE-588)1233756680  |0 (DE-627)1758157550  |4 aut 
245 1 0 |a Einfluß von Ilmofosin (BM 41.0440) und seinen Metaboliten BM 41.0742 und BM 41.0743 auf die humorale Primär- und Sekundärantwort im SRBC-Modell  |c vorgelegt von Annette Rebel 
264 1 |c 1996 
300 |a 100 Bl.  |b graph. Darst. 
336 |a Text  |b txt  |2 rdacontent 
337 |a ohne Hilfsmittel zu benutzen  |b n  |2 rdamedia 
338 |a Band  |b nc  |2 rdacarrier 
500 |a Nicht für den Austausch 
502 |a Heidelberg, Univ., Diss., 1996 
583 1 |a Archivierung prüfen  |c 20200919  |f DE-640  |z 3  |2 pdager 
583 1 |a Archivierung/Langzeitarchivierung gewährleistet  |f DISS  |x XA-DE-BW  |2 pdager  |5 DE-16 
655 7 |a Hochschulschrift  |0 (DE-588)4113937-9  |0 (DE-627)105825778  |0 (DE-576)209480580  |2 gnd-content 
751 |a Heidelberg  |0 (DE-588)4023996-2  |0 (DE-627)106300814  |0 (DE-576)208952578  |4 uvp 
951 |a BO 
992 |a 20220321 
993 |a Thesis 
994 |a 1996 
998 |g 1233756680  |a Rebel, Annette  |m 1233756680:Rebel, Annette  |d 60000  |d 60001  |e 60000PR1233756680  |e 60001PR1233756680  |k 0/60000/  |k 1/60000/60001/  |p 1  |x j  |y j 
999 |a KXP-PPN1127119613  |e 4096975796 
BIB |a Y 
JSO |a {"physDesc":[{"noteIll":"graph. Darst.","extent":"100 Bl."}],"name":{"displayForm":["vorgelegt von Annette Rebel"]},"id":{"eki":["1127119613"]},"origin":[{"dateIssuedKey":"1996","dateIssuedDisp":"1996"}],"recId":"1127119613","language":["ger"],"type":{"bibl":"thesis"},"note":["Nicht für den Austausch"],"person":[{"role":"aut","display":"Rebel, Annette","given":"Annette","family":"Rebel"}],"noteThesis":["Heidelberg, Univ., Diss., 1996"],"title":[{"title":"Einfluß von Ilmofosin (BM 41.0440) und seinen Metaboliten BM 41.0742 und BM 41.0743 auf die humorale Primär- und Sekundärantwort im SRBC-Modell","title_sort":"Einfluß von Ilmofosin (BM 41.0440) und seinen Metaboliten BM 41.0742 und BM 41.0743 auf die humorale Primär- und Sekundärantwort im SRBC-Modell"}]} 
SRT |a REBELANNETEINFLUSSVO1996